| 000 | 00642nam a2200229Ia 4500 | ||
|---|---|---|---|
| 003 | OSt | ||
| 005 | 20240814105052.0 | ||
| 008 | 210716s1971 xx 000 0 und d | ||
| 020 | _a0553277375 | ||
| 040 | _cAIMIT LIBRARY | ||
| 041 | _aeng | ||
| 082 |
_a374.22 _21 _bTOFA |
||
| 100 |
_aToffler, Alvin. _9177237 |
||
| 245 |
_aFuture shock / _cBy Alvin Toffler. |
||
| 250 | _a1st ed. | ||
| 260 |
_aNew York : _bBantam books , _c1971. |
||
| 300 |
_a561p. ; _bPB _c18.5 cm |
||
| 650 |
_aDeath of performance _9177238 |
||
| 650 |
_aThe accelerative thrust _9177239 |
||
| 650 |
_aThe pace of life _9177240 |
||
| 942 |
_2ddc _cBK _e1st _k374.22 TOFA |
||
| 999 |
_c198058 _d198058 |
||